[Event "Asian Junior-ch 2017-Open"]
[Site "Shiraz"]
[Date "2017.05.05"]
[Round "4"]
[White "Khodashenas, Mersad"]
[Black "Gholami Orimi, Mahdi"]
[Result "1-0"]
[WhiteElo "2410"]
[BlackElo "2256"]
[Annotator "TA"]
[PlyCount "121"]
[EventDate "2017.??.??"]
[EventType "swiss"]
[EventCountry "IRI"]
[SourceTitle "playchess.com"]
[Source "ChessBase"]
[SourceQuality "1"]

{[%evp 20,121,16,21,18,20,23,8,0,0,1,0,0,-6,0,-8,0,0,0,0,0,0,6,0,18,9,6,0,32,-3,-15,-77,21,0,17,9,9,0,35,10,16,0,0,0,0,0,0,0,-6,-11,2,-37,-16,-12,-14,-13,-6,-16,0,-15,7,2,1,2,2,3,15,6,6,12,8,0,0,0,0,-33,-6,-3,0,0,0,0,0,0,0,0,0,0,0,0,0,0,0,0,0,0,0,0,0,0,485,485,471,465]} 1. c4 Nf6 2. Nc3 e6 3. e4 d5 4. e5 d4 5. exf6 dxc3 6. bxc3 Qxf6 7. d4 b6 8. Be2 {A18: English Opening: Flohr-Mikenas System (1 c4 Nf6 2 Nc3 e6 3 e4)} Bb7 9. Bf3 Bxf3 10. Nxf3 Bd6 11. Qa4+ {LiveBook: 8 Games} c6 12. O-O O-O 13. Rb1 Bc7 (13... Rc8 14. c5 bxc5 15. dxc5 Bxc5 16. Rb7 a5 17. Ng5 Ra7 18. Ne4 Qe5 19. Nxc5 Qxc5 20. Be3 Qxe3 21. Rxb8 {1-0 (21) Dubov,D (2660)-Jobava,B (2702) Doha 2016}) 14. Re1 Rc8 15. Ba3 Qf5 16. Rbd1 $146 b5 17. Qb3 bxc4 18. Qxc4 Nd7 19. Qe2 Ba5 20. Rd3 Rab8 21. Nd2 {[%cal Bf3d2,Bd2c4,Bc4e3][%mdl 32]} Nf6 22. Nc4 Bc7 23. Bc5 Rb7 (23... Qd5 $5 {[%cal Rd5c4]} 24. Ne3 Qh5 25. Qxh5 Nxh5 $11) 24. Bd6 Qd5 25. Be5 (25. Bxc7 $11 Qxc4 26. Be5) 25... Ne8 ({Black should play} 25... Qxc4 $17 26. Bxf6 Rcb8) 26. Ne3 Qe4 27. f3 Qg6 28. Nc4 Rcb8 29. Rdd1 h6 30. Bxc7 (30. g3 {is interesting.} Qg5 31. f4 Qd8 32. Qd3 Qd5 33. Re2) 30... Rxc7 31. Ne5 Qf5 32. Qf2 (32. g4 $5 {[%cal Rg4f5]} Qg5 33. Qf2 $11) 32... Nf6 33. c4 Nd7 34. Ng4 {[#] Strongly threatening Qg3.} Rcb7 35. h4 Kh8 36. Ne3 Qf4 37. g3 Qc7 {And now ...Rb2 would win.} 38. Rd2 Qa5 39. Kg2 Qc3 40. d5 cxd5 41. cxd5 exd5 42. Nxd5 Qa3 43. Qd4 (43. Qe3 $5 {[%cal Re3a3]} Qxe3 44. Nxe3 $11 (44. Rxe3 Nc5 $11)) 43... Nc5 44. Re3 Qa5 $1 45. Rde2 Ne6 46. Qe4 Rd7 47. Nc3 (47. Nf4 $5 {[%cal Rf4e6]}) 47... Rc8 48. Qa4 Qd8 49. Ne4 Rb8 50. Nf2 Rb1 51. Qc2 Qb6 52. Rc3 Rd8 {[#] ...Nd4 is the strong threat.} 53. Rc8 $40 {[%mdl 128] White mounts an attack.} Rb4 54. Rd2 Rbd4 55. Rxd4 Qxd4 56. Rc4 Qe3 {White must now prevent ...Rd2.} 57. Qe4 Qb6 58. Rb4 Qc5 59. Rb2 Rd4 $2 {[%mdl 8192]} (59... Kg8 $11 {and Black is okay.}) 60. Rb8+ $18 Nd8 61. Qe8+ {Precision: White = 75%, Black = 59%.} 1-0

[Event "Asian Junior-ch 2017-Open"]
[Site "Shiraz"]
[Date "2017.05.05"]
[Round "4"]
[White "Tran, Minh Thang"]
[Black "Kumar, Gaurav"]
[Result "1-0"]
[WhiteElo "2409"]
[BlackElo "2176"]
[Annotator "TA"]
[PlyCount "75"]
[EventDate "2017.??.??"]
[EventType "swiss"]
[EventCountry "IRI"]
[SourceTitle "playchess.com"]
[Source "ChessBase"]
[SourceQuality "1"]

{[%evp 13,75,6,1,-10,-9,-7,0,0,19,-19,-16,-32,-23,-25,-13,-27,-14,-23,-14,-21,-18,-17,-13,-38,0,-17,0,0,0,0,0,8,10,0,0,0,81,25,41,23,25,0,0,0,0,0,0,0,93,89,83,82,83,78,91,70,281,247,987,993,954,920,914,861]} 1. d4 Nf6 2. c4 e6 3. Nc3 Bb4 4. e3 O-O 5. Nge2 Re8 6. a3 Bf8 7. Ng3 d5 8. cxd5 {E46: Nimzo-Indian: Rubinstein: 4 e3 0-0 5 Ne2 without early Bd3} (8. Be2 b6 9. cxd5 exd5 10. b4 Bb7 11. O-O Nbd7 12. Qb3 c6 13. Bf3 a6 14. Rd1 b5 15. e4 Nb6 {0-1 (51) Gupta,A (2627)-Wei,Y (2725) Liaocheng 2017}) 8... exd5 9. Bd3 a5 (9... Bg4 $5 {[%cal Rg4d1]} 10. Qb3 Bc8 $11) 10. O-O {The position is equal.} Na6 11. b3 $146 c6 12. Bb2 Nc7 13. Qc2 g6 14. Rfe1 h5 {[%cal Bh7h5,Bh5h4][%mdl 32]} 15. f3 h4 16. Nf1 Nh5 17. Qf2 Ne6 18. Rad1 Neg7 19. Bc2 b5 20. Ne2 Bf5 21. Nc1 Bxc2 22. Qxc2 Rc8 23. Nd3 Nf5 24. Qf2 Bg7 (24... Nf6 $11) 25. Nc5 (25. e4 $1 $16 {[%cal Re4f5]} Nh6 26. h3) 25... Nd6 26. Bc3 f5 27. a4 b4 28. Bb2 g5 29. Qc2 Nf6 30. h3 g4 (30... Nd7 $11) 31. hxg4 $1 $16 fxg4 {[#]} 32. e4 $1 {[%cal Be3e4,Be4e5][%mdl 32] Black must now prevent e5.} gxf3 33. gxf3 ({Much weaker is} 33. e5 $6 Nfe4 $11) 33... Nh5 {[#]} 34. Bc1 $1 $36 {[%mdl 2048] Threatens to win with e5. White has good play.} Nf7 $2 (34... dxe4 $14 35. fxe4 h3) 35. e5 Ng3 $2 (35... Bxe5 36. Qg6+ (36. dxe5 Nxe5 37. Qg2+ Kh7 $18) 36... Ng7) 36. Nxg3 $18 {White is clearly winning.} hxg3 37. Kg2 Ng5 38. Qg6 {Precision: White = 76%, Black = 48%.} 1-0

[Event "Asian Junior-ch 2017-Open"]
[Site "Shiraz"]
[Date "2017.05.05"]
[Round "4"]
[White "Mohammad Nubairshah Shaikh"]
[Black "Poormosavi, Seyed Kian"]
[Result "0-1"]
[WhiteElo "2408"]
[BlackElo "2114"]
[Annotator "TA"]
[PlyCount "197"]
[EventDate "2017.??.??"]
[EventType "swiss"]
[EventCountry "IRI"]
[SourceTitle "playchess.com"]
[Source "ChessBase"]
[SourceQuality "1"]

{[%evp 22,197,-7,-9,0,-6,13,14,9,-44,-45,-63,-57,-53,0,14,6,8,18,0,15,23,33,38,18,21,42,27,39,-4,0,2,22,31,50,50,62,55,51,61,51,59,64,68,77,37,39,32,46,34,40,18,42,7,14,0,0,0,0,0,0,0,0,0,0,0,0,0,0,0,0,0,0,0,0,0,0,0,0,0,0,0,0,0,0,0,0,0,0,0,0,0,0,0,0,0,0,0,0,0,0,-164,0,0,0,0,0,0,0,0,0,0,0,0,0,0,0,0,0,0,0,0,0,0,0,0,0,-170,0,0,0,0,0,0,0,0,0,0,0,0,0,0,0,0,0,0,0,0,0,0,0,0,0,0,0,0,0,0,0,0,0,0,0,0,0,0,0,0,0,0,0,0,0,-33,0,0,0,0]} 1. d4 Nf6 2. c4 e6 3. Nc3 Bb4 4. e3 O-O 5. Nge2 d5 6. a3 Be7 7. cxd5 exd5 8. g3 c6 9. Bg2 Na6 10. O-O Nc7 11. Qc2 {E46: Nimzo-Indian: Rubinstein: 4 e3 0-0 5 Ne2 without early Bd3} Re8 12. Bd2 {LiveBook: 3 Games} g6 13. f3 $146 ({Predecessor:} 13. Rad1 Bd6 14. Bc1 Bf5 15. Qb3 Qd7 16. f3 h5 17. Kh1 b5 18. Rde1 Re7 {0-1 (33) Hetey,L (2322)-Van den Doel,E (2582) Bad Zwesten 2006}) 13... c5 14. Rad1 b6 15. g4 (15. Bc1 $11) 15... Ba6 $15 16. Rfe1 Ne6 17. Bc1 {[%cal Bd2c1,Bc1g5,Bg5h4][%mdl 32]} cxd4 (17... Rc8 $15) 18. Nxd4 $11 Nxd4 19. exd4 Bf8 20. Re5 (20. Bg5 $5 {[%cal Re1e8]} Qd6 21. Rxe8 Nxe8 22. f4 $11) 20... Bb7 21. Bg5 Bg7 22. Qd2 Qd7 23. Bf1 a6 24. Qf4 Re6 25. Bh4 {[#] aiming for Rxe6.} Rae8 26. Rde1 h6 {And now ...g5 would win.} 27. Rxe6 Rxe6 28. Rxe6 Qxe6 29. Qb8+ Qc8 30. Qxc8+ Bxc8 31. Kf2 Bb7 32. Ke3 Kf8 33. Be2 Ke8 34. f4 Kd7 $1 35. Bf3 Ke6 36. h3 b5 37. Bg3 Ne4 38. Nxe4 (38. Be1 {is more complex.} Nd6 39. Kd3 Bf8 40. Nd1 f5 41. Bb4) 38... dxe4 39. Bxe4 Bxe4 40. Kxe4 {[%mdl 4096] Endgame KB-KB} f5+ 41. Kd3 Kd5 42. Bf2 Bf6 43. b3 Be7 44. a4 Bd6 45. gxf5 gxf5 46. Be3 Be7 47. Bc1 Bf6 48. Bb2 Bh4 49. axb5 axb5 50. Ba3 Bf2 51. Bc5 Bg1 52. Ba7 Bf2 53. Bb6 Be1 54. Bc7 Bf2 55. Be5 Bh4 56. Ke3 Be7 57. Bg7 h5 58. Kf3 Bh4 59. Be5 Be1 60. Bf6 Bd2 61. Kg3 $2 {[#]} (61. Be5 $11) 61... Be1+ $2 (61... Ke4 $1 $19 62. Kh4 Bxf4 63. Kxh5 Bd2) 62. Kf3 Bd2 63. Bh8 Be1 64. Ke3 Bh4 65. Bg7 Be1 66. Bf6 Bb4 67. Kd3 Be1 68. Bd8 Bg3 69. Ke3 Be1 70. Be7 Ba5 71. Bh4 Bb6 72. Bf6 Ba5 73. Kf3 Bc3 74. Kg3 $2 (74. Ke3 $11) 74... Be1+ $2 (74... Ke4 $19 75. Kh4 Kxf4 76. Kxh5 Ke4) 75. Kf3 Bc3 76. Ke3 Be1 77. Be7 Bc3 78. Bc5 Be1 79. Kf3 Bc3 80. Ke3 Be1 81. Ke2 Bg3 82. Kf3 Bh4 83. Ke3 Be1 84. Bb6 Bg3 85. Ba5 (85. Kf3 $5 {[%cal Rf3g3]} Bh4 86. Ba7 $11) 85... Bh4 86. Bb4 Bf6 87. Bc5 Bh4 88. Kf3 Be1 89. Ke2 Bg3 90. Kf3 Be1 91. Ke3 Bh4 92. Bb4 Bf6 93. Bc3 Bh4 94. Kd3 Be7 95. Be1 Bf6 96. Bf2 Bd8 97. Kc3 Ba5+ {[%mdl 1024] Black has compensation.} 98. Kd3 Bd8 99. Be3 {[%mdl 32768] Precision: White = 63%, Black = 76%. . Loss on Time!?} 0-1

[Event "Asian Junior-ch 2017-Open"]
[Site "Shiraz"]
[Date "2017.05.05"]
[Round "4"]
[White "Hamidi, Amir Mohammad"]
[Black "Tahbaz, Arash"]
[Result "0-1"]
[WhiteElo "2187"]
[BlackElo "2409"]
[Annotator "TA"]
[PlyCount "62"]
[EventDate "2017.??.??"]
[EventType "swiss"]
[EventCountry "IRI"]
[SourceTitle "playchess.com"]
[Source "ChessBase"]
[SourceQuality "1"]

{[%evp 19,62,-4,-16,-29,-29,-34,-38,-55,40,40,45,50,37,45,82,80,81,0,0,0,0,0,0,0,0,0,0,0,0,0,0,-42,-20,-19,-12,-182,-177,-243,-239,-483,-471,-468,-451,-794,-266]} 1. d4 Nf6 2. Nf3 g6 3. g3 Bg7 4. Bg2 O-O 5. O-O d6 6. b3 e5 7. dxe5 dxe5 8. Ba3 Re8 9. Bb2 e4 10. Qxd8 Rxd8 11. Ng5 {A49: 1 d4 Nf6 2 Nf3 g6 3 g3: Anti-King's Indian systems} (11. Nfd2 Bf5 12. Nc4 Nc6 13. Nc3 Nd4 14. Ne3 Ng4 15. Nxg4 Bxg4 16. Bxe4 Nxe2+ 17. Nxe2 Bxb2 18. Rae1 c6 {0-1 (59) Li,C (2746)-Mamedyarov,S (2761) Moscow 2016}) 11... Bf5 12. Na3 h6 13. Rad1 {Black is slightly better.} Rxd1 $146 (13... Nbd7 $15 14. Nh3 c6) ({Predecessor (2):} 13... Nbd7 14. Nh3 c6 15. Nc4 Nd5 16. Bxg7 Kxg7 17. Rfe1 Nc3 18. Ra1 Nb6 {0-1 (39) Espig,L (2420)-Casper,T (2430) Eilenburg 1984}) 14. Rxd1 $14 hxg5 15. Rd8+ Kh7 {aiming for ...a6.} 16. Nb5 $1 {[%cal Rb5c7]} a6 17. Nxc7 Ra7 {Strongly threatening ...b5.} 18. Rxb8 ({White should try} 18. Bxf6 $1 $16 Bxf6 19. Rxb8) 18... b5 $1 $11 19. Bxf6 $1 Rxc7 20. Bxg7 Kxg7 {[%mdl 4096] Endgame KRB-KRB} 21. g4 $1 {[%cal Rg4f5]} Bxg4 22. Bxe4 Bxe2 23. Rb6 a5 24. Ra6 a4 25. Kg2 (25. bxa4 $5 bxa4 26. Rxa4 $11) 25... axb3 26. cxb3 g4 27. f3 $2 (27. h3 $11 {and White stays safe.}) 27... f5 $1 $19 {[%cal Rf5e4]} 28. Bd5 {[#]} (28. Ba8 $142) 28... Rc2 $1 {Threatens to win with ...Bxf3+.} 29. Kg3 $2 {[#]} (29. fxg4 Bc4+ 30. Kg3 Bxd5 31. gxf5 gxf5 32. Kf4) 29... gxf3 $1 {Black is clearly winning.} 30. Ra7+ Kh6 31. Bg8 {[#]} (31. h4 $142 f2 32. Bg8 f4+ 33. Kxf2 Bc4+ 34. Kf3 Bxg8 35. Kxf4) 31... f2 $1 {[%mdl 512] Precision: White = 54%, Black = 85%.} 0-1

[Event "Asian Junior-ch 2017-Open"]
[Site "Shiraz"]
[Date "2017.05.05"]
[Round "4"]
[White "Daneshvar, Bardiya"]
[Black "Suleymenov, Alisher"]
[Result "0-1"]
[WhiteElo "2105"]
[BlackElo "2338"]
[Annotator "NA"]
[PlyCount "188"]
[EventDate "2017.??.??"]
[EventType "swiss"]
[EventCountry "IRI"]
[SourceTitle "playchess.com"]
[Source "ChessBase"]
[SourceQuality "1"]
[TimeControl "5400+30"]

1. d4 {[%emt 0:00:00]} Nf6 {[%emt 0:00:20]} 2. c4 {[%emt 0:00:00]} Nc6 {[%emt 0:00:16]} 3. Nf3 {[%emt 0:00:00]} e6 {[%emt 0:00:35]} 4. Nc3 {[%emt 0:00:00]} Bb4 {[%emt 0:00:29]} 5. Qc2 {[%emt 0:00:02]} d6 {[%emt 0:01:09]} 6. Bd2 {[%emt 0:00:26]} O-O {[%emt 0:04:42]} 7. a3 {[%emt 0:00:07]} Bxc3 $1 {[%emt 0:00:08] LiveBook: 332 Games} 8. Bxc3 {[%emt 0:00:09]} ({Reject} 8. bxc3 e5 $11) 8... Qe7 {[%emt 0:06:15]} 9. e4 {[%emt 0:00:24] E33: Nimzo-Indian: Classical: 4...Nc6} e5 {[%emt 0:01:28]} 10. d5 $1 {[%emt 0:00:06]} Nb8 {[%emt 0:05:49]} 11. g3 {[%emt 0:03:28]} a5 {[%emt 0:12:01]} 12. Bg2 $146 {[%emt 0:03:54]} ({Predecessor:} 12. b3 Nbd7 13. Bg2 Nc5 14. Nd2 Bd7 15. O-O b6 16. Rae1 Nh5 {½-½ (72) Kaspi,A (2435)-Najer,E (2664) Eilat 2012}) 12... Na6 {[%emt 0:04:53]} 13. Nd2 {[%emt 0:04:46]} b6 {[%emt 0:08:55]} 14. O-O {[%emt 0:03:48]} Bd7 {[%emt 0:06:20]} 15. f4 {[%emt 0:04:56]} (15. b4 $16) 15... Ng4 {[%emt 0:01:18]} 16. Rae1 {[%emt 0:01:13]} a4 $1 {[%emt 0:00:14]} 17. h3 {[%emt 0:04:50]} Nh6 $1 {[%emt 0:00:06]} 18. Kh2 {[%emt 0:01:42]} f6 {[%emt 0:03:47]} 19. fxe5 {[%emt 0:04:56]} fxe5 {[%emt 0:09:03]} 20. Rxf8+ {[%emt 0:02:48]} Rxf8 {[%emt 0:00:09]} 21. Rf1 {[%emt 0:00:15]} Rb8 {[%emt 0:04:33]} 22. Bb4 {[%emt 0:03:18]} b5 {[%emt 0:03:42]} 23. Qc3 {[%emt 0:03:04]} bxc4 {[%emt 0:01:49]} 24. Nxc4 {[%emt 0:00:10]} Qe8 {[%emt 0:02:10]} 25. Na5 Nf7 {[%emt 0:06:19]} 26. Qd2 {[%emt 0:05:51]} h6 {[%emt 0:02:54]} 27. Kg1 {[%emt 0:02:58]} Ng5 {[%emt 0:00:38]} 28. h4 {[%emt 0:00:12]} Nh7 $1 {[%emt 0:00:09]} ({Wrong is} 28... Nh3+ $2 29. Kh2 $18) 29. Rc1 {[%emt 0:03:16]} Nf6 {[%emt 0:01:54]} 30. Nc6 {[%emt 0:10:06]} Bxc6 {[%emt 0:00:35]} 31. Rxc6 {[%emt 0:00:18]} Nxb4 {[%emt 0:00:12]} 32. axb4 {[%emt 0:00:11]} Rb7 {[%emt 0:01:34]} 33. Qe1 {[%emt 0:03:56]} Qb8 {[%emt 0:01:20]} 34. Rc4 {[%emt 0:00:12]} Ng4 {[%emt 0:03:25]} 35. Kh1 {[%emt 0:05:03]} Qa7 {[%emt 0:00:37]} 36. Rc2 {[%emt 0:00:57]} (36. Bf3 $11 Nf6 37. Qg1) 36... Ne3 {[%emt 0:01:10]} 37. Re2 {[%emt 0:06:17]} Nxg2 {[%emt 0:00:01]} 38. Kxg2 {[%emt 0:00:12]} Qd4 {[%emt 0:00:32]} 39. Qf1 {[%emt 0:00:09]} Qd3 {[%emt 0:02:19]} 40. Kh3 {[%emt 0:01:13]} Rb8 {[%emt 0:05:18]} 41. Qf2 $17 {[%emt 0:02:22]} Rf8 {[%emt 0:00:43]} 42. Qe3 {[%emt 0:00:14]} Qb1 {[%emt 0:01:03]} 43. Kg4 {[%emt 0:01:13]} Qf1 {[%emt 0:00:30]} 44. h5 {[%emt 0:01:28]} Kh7 {[%emt 0:00:31]} 45. Rh2 {[%emt 0:00:13]} Qd1+ {[%emt 0:00:17]} 46. Qe2 {[%emt 0:00:04]} Qd4 {[%emt 0:00:42]} 47. b5 {[%emt 0:00:26]} Qg1 {[%emt 0:00:28]} 48. Rg2 {[%emt 0:00:16]} Qh1 {[%emt 0:00:27]} 49. Rh2 {[%emt 0:00:12]} Qc1 {[%emt 0:00:36]} 50. Rf2 {[%emt 0:00:42]} Qg5+ {[%emt 0:00:24]} 51. Kh3 {[%emt 0:00:04]} Rxf2 {[%emt 0:00:13]} 52. Qxf2 {[%emt 0:00:02]} Qxh5+ {[%emt 0:00:01]} 53. Kg2 {[%emt 0:00:06]} Qg4 {[%emt 0:00:59]} 54. Qc2 {[%emt 0:00:13]} h5 {[%emt 0:00:30]} 55. Kh2 {[%emt 0:00:13]} Qf3 {[%emt 0:00:53]} 56. Qxc7 {[%emt 0:00:38]} Qe2+ {[%emt 0:00:09]} 57. Kh3 {[%emt 0:00:07]} Qxe4 {[%emt 0:00:12]} 58. Kh2 {[%emt 0:00:51]} Qe2+ {[%emt 0:00:12]} 59. Kh3 {[%emt 0:00:11]} Qg4+ {[%emt 0:00:07]} 60. Kh2 {[%emt 0:00:08]} Qe2+ {[%emt 0:00:02]} 61. Kh3 {[%emt 0:00:06]} Qf1+ {[%emt 0:00:38]} 62. Kh2 {[%emt 0:00:14]} Qxb5 {[%emt 0:01:09]} 63. Qxd6 {[%emt 0:00:07]} Qxb2+ {[%emt 0:00:07]} 64. Kh3 {[%emt 0:00:04]} a3 {[%emt 0:00:54]} 65. Qe6 {[%emt 0:00:30]} Qb1 {[%emt 0:00:29]} 66. Kh2 {[%emt 0:00:50]} a2 {[%emt 0:00:40]} 67. Qxe5 {[%emt 0:00:10]} Kh6 {[%emt 0:01:13]} 68. Qf4+ {[%emt 0:05:51]} Kh7 {[%emt 0:00:19]} 69. Qe5 {[%emt 0:00:07]} Qc2+ {[%emt 0:00:25]} 70. Kh3 {[%emt 0:00:43]} Qg6 {[%emt 0:00:51]} 71. d6 {[%emt 0:01:12]} Qg4+ {[%emt 0:00:11]} 72. Kh2 {[%emt 0:00:31]} h4 {[%emt 0:00:17]} 73. gxh4 {[%emt 0:00:07]} Qxh4+ {[%emt 0:00:21]} 74. Kg2 {[%emt 0:00:11]} Qg4+ {[%emt 0:00:37]} 75. Kh2 {[%emt 0:01:26]} Kh6 {[%emt 0:00:58]} 76. Qb2 {[%emt 0:02:22]} Qf4+ {[%emt 0:00:31]} 77. Kg2 {[%emt 0:00:08]} Qe4+ {[%emt 0:00:30]} 78. Kh2 {[%emt 0:00:19]} Qb1 {[%emt 0:00:35]} 79. Qd2+ {[%emt 0:00:15]} g5 {[%emt 0:00:24]} 80. d7 {[%emt 0:01:39]} Qb8+ {[%emt 0:00:04]} 81. Kg2 {[%emt 0:00:14]} Qa8+ {[%emt 0:00:49]} 82. Kf2 {[%emt 0:00:44]} Qa7+ {[%emt 0:00:46]} 83. Kg2 {[%emt 0:02:07]} Qa8+ {[%emt 0:00:08]} 84. Kf2 {[%emt 0:00:07]} a1=Q {[%emt 0:00:14]} 85. d8=Q {[%emt 0:00:21]} Q8a7+ {[%emt 0:00:21]} 86. Ke2 {[%emt 0:00:10]} Qe5+ {[%emt 0:00:44]} 87. Kd1 {[%emt 0:00:21]} Qaa1+ {[%emt 0:00:34]} 88. Qc1 {[%emt 0:00:22]} Qa4+ {[%emt 0:00:11]} 89. Qc2 {[%emt 0:00:05]} Qea1+ {[%emt 0:00:25]} 90. Kd2 {[%emt 0:00:15]} Qf4+ {[%emt 0:00:24]} 91. Kd3 {[%emt 0:00:09]} Qa3+ {[%emt 0:00:08]} 92. Qc3 {[%emt 0:00:28]} Qf3+ {[%emt 0:00:06]} 93. Kc2 {[%emt 0:00:09]} Qaxc3+ {[%emt 0:00:05]} 94. Kb1 {[%emt 0:00:05]} Qf1+ {[%emt 0:00:11]} 0-1

[Event "Asian Junior-ch 2017-Open"]
[Site "Shiraz"]
[Date "2017.05.06"]
[Round "5"]
[White "Tran, Tuan Minh"]
[Black "Harsha Bharathakoti"]
[Result "1/2-1/2"]
[WhiteElo "2537"]
[BlackElo "2413"]
[Annotator "TA"]
[PlyCount "88"]
[EventDate "2017.??.??"]
[EventType "swiss"]
[EventCountry "IRI"]
[SourceTitle "playchess.com"]
[Source "ChessBase"]
[SourceQuality "1"]

{[%evp 9,88,6,22,15,21,22,41,24,33,29,39,30,22,8,11,6,9,12,12,12,14,14,14,14,14,18,17,22,18,14,27,0,24,0,18,19,25,22,23,17,18,14,14,14,29,13,18,9,20,0,15,0,0,-8,0,0,0,-33,0,-38,0,-24,0,-38,0,-31,0,-27,-25,-27,-24,-23,-23,-30,0,-4,0,-9,0,-10,0]} 1. d4 Nf6 2. Bg5 Ne4 3. Bf4 d5 4. e3 c5 5. Bd3 Nf6 6. c3 {A45: Trompowsky Attack} Nc6 7. Nd2 Qb6 (7... g6 8. h3 Bg7 9. Ngf3 Nd7 10. O-O O-O 11. Bb5 Qb6 12. Qb3 Re8 13. Ba4 c4 {½-½ (76) Vitiugov,N (2726)-Tari,A (2584) Doha 2016}) 8. Rb1 {White is slightly better.} Bg4 9. Ngf3 e6 10. Qa4 cxd4 11. cxd4 $146 ({Predecessor:} 11. exd4 Nd7 12. Ne5 Ndxe5 13. Bxe5 Qa5 14. Qxa5 Nxa5 {0-1 (59) Dishman,S (2369)-Wiedenkeller,M (2453) Skopje 2015}) 11... Bb4 12. a3 Bxf3 13. gxf3 Be7 14. Qb5 Qxb5 15. Bxb5 Kd7 16. Ke2 Rhc8 17. Nb3 a6 18. Bd3 Nh5 19. Bg3 {[%cal Bf4g3,Bg3e1,Be1d2][%mdl 32]} g6 20. f4 Nd8 {[%cal Bc6d8,Bd8f7,Bf7d6][%mdl 32]} 21. f3 f5 22. Be1 Nf7 23. Bd2 b6 24. a4 a5 25. Nc1 {[%cal Bb3c1,Bc1a2,Ba2c3][%mdl 32]} Nd6 26. b3 Ke8 27. Na2 Kf7 28. Nc3 Rc7 29. Rb2 Rac8 30. Na2 h6 31. Rbb1 Nf6 32. Rbg1 Nd7 33. Rg2 Nf8 34. Rb1 Rc6 35. Rbg1 R6c7 36. Rd1 Rc6 37. Ra1 R6c7 38. Kd1 g5 39. fxg5 hxg5 40. Be1 Ng6 41. Bg3 Nh4 42. Rf2 {The position is equal.} Ng6 43. Rg2 Nh4 44. Rf2 Ng6 {Precision: White = 52%, Black = 53%.} 1/2-1/2

[Event "Asian Junior-ch 2017-Open"]
[Site "Shiraz"]
[Date "2017.05.06"]
[Round "5"]
[White "Mosadeghpour, Masoud"]
[Black "Firouzja, Alireza"]
[Result "1-0"]
[WhiteElo "2444"]
[BlackElo "2487"]
[Annotator "TA"]
[PlyCount "99"]
[EventDate "2017.??.??"]
[EventType "swiss"]
[EventCountry "IRI"]
[SourceTitle "playchess.com"]
[Source "ChessBase"]
[SourceQuality "1"]

{[%evp 19,99,12,31,-7,-12,-20,7,-68,-62,-104,-25,-16,-16,-25,-10,-18,-21,-36,-62,-142,-133,-137,-125,-160,-177,-163,-88,-88,-87,-78,-83,-153,-16,-18,-8,-8,-24,-8,-30,-131,-125,-105,-47,-112,-39,-87,0,0,0,0,0,0,38,29,184,192,191,162,358,343,310,11,772,752,868,621,880,835,712,702,614,600,586,545,573,570,542,456,1695,1652,5629,5463]} 1. e4 c5 2. Nc3 Nc6 3. Nf3 e6 4. d4 cxd4 5. Nxd4 Qc7 6. a3 a6 7. Be2 Nf6 8. Be3 d6 9. f4 {B48: Sicilian: Taimanov: 5 Nc3 Qc7 6 Be3 a6 without Be2} Be7 10. g4 h6 {LiveBook: 14 Games} 11. Nb3 $146 {White is slightly better.} ({Predecessor:} 11. h4 g6 12. Bf3 Na5 13. Qe2 Nc4 14. O-O-O Nxe3 15. Qxe3 Nd7 16. g5 hxg5 17. hxg5 {0-1 (43) Jakubowski,K (2500)-Maksimenko,A (2544) Germany 2011}) 11... b5 12. Bf3 Bb7 13. O-O (13. h4 $11) 13... g5 $15 14. f5 exf5 (14... Ne5 $17) 15. Nd5 $11 Nxd5 16. exd5 Ne5 {Threatening ...f4.} 17. gxf5 Nxf3+ 18. Qxf3 Bf6 $1 (18... Qxc2 19. Bd4 g4 20. Qg3 Bxd5 21. Rae1 (21. Bxh8 Qxb3 22. Bc3 Kd7 $11) 21... Bxb3 22. Bxh8 Qc5+ 23. Rf2 $18) 19. Rae1 (19. c3 $15) 19... Kd7 $17 20. c3 Rae8 (20... Qc4 21. Na5 Qc7 22. Nxb7 $14) 21. Nd2 {[#]} g4 $1 {[%cal Rg4f3][%mdl 512]} 22. Qg2 {[#]} (22. Qxg4 Rhg8) 22... Rxe3 $1 {[%mdl 512]} 23. Rxe3 Qc5 $1 {[%csl LRd5,LRe3]} 24. Rfe1 Bg5 25. Nf1 (25. Qf2 $142) 25... Re8 ({Black should try} 25... Bxe3+ $17 26. Rxe3 h5) 26. b4 $1 $11 {[%cal Rb4c5]} Bxe3+ 27. Rxe3 Qc4 28. Rxe8 Kxe8 29. Ne3 (29. Qd2 $1 $11) 29... Qxc3 $17 30. Qe4+ Kd8 (30... Kd7 $17 31. Nxg4 h5) 31. Nxg4 $15 h5 ({Better is} 31... Qxa3 $17 32. f6 Qc1+ 33. Kf2 Qd2+ 34. Kg3 Qxd5 35. Qe7+ Kc8) 32. Ne3 Qe1+ (32... Kd7 $17 33. Kf2 Qxa3) 33. Kg2 $11 Qe2+ 34. Kg3 Qe1+ 35. Kh3 Qc3 36. Kh4 Qf6+ $2 (36... Qh8 $11) 37. Kxh5 $18 {Black must now prevent Qh4.} Qh8+ 38. Kg5 $1 Qxh2 $2 (38... Qg7+ 39. Kf4 Qh6+ 40. Kg3 Qg5+ 41. Kf3 (41. Kf2 Qf6 $16) 41... Qh5+ 42. Kg3 Qg5+ 43. Kf3 (43. Kf2 Qg7 $16) 43... Qf6) 39. f6 Qg1+ 40. Kh6 $2 (40. Ng4 $18 {aiming for Qe7+.} Qc1+ 41. Kh5) 40... Kc7 $2 {[%mdl 8192] [#]} (40... Qg8 $11) 41. Ng2 $1 {White is clearly winning.} ({Inferior is} 41. Qe7+ Kb6 42. Qxd6+ Ka7 43. Qc5+ Kb8 44. Qf8+ Ka7 45. Qc5+ Kb8 46. Qf8+ Ka7 47. Qxf7 (47. Qc5+ Kb8 $11) 47... Qxe3+ 48. Kg7 Qf4 $11) 41... Qd1 42. Qe7+ Kb6 {And now ...Qh1+ would win.} 43. Qxd6+ Ka7 44. Nf4 Qg4 45. Qe5 Qg8 46. d6 Qh8+ 47. Kg5 {Threatens to win with d7.} Qg8+ {[#]} 48. Kh4 $1 {Hoping for d7.} Qh8+ (48... Qc8 $142 49. Qe7 Qc1) 49. Nh5 Qc8 50. Qd4+ {Precision: White = 61%, Black = 50%.} 1-0